Normal view MARC view

Entry Personal Name

Number of records used in: 1

001 - CONTROL NUMBER

  • control field: 10672

003 - CONTROL NUMBER IDENTIFIER

  • control field: DLC

005 - DATE AND TIME OF LATEST TRANSACTION

  • control field: 20260402125421.0

008 - FIXED-LENGTH DATA ELEMENTS

  • fixed length control field: 060312n| acannaabn |b aaa c

010 ## - LIBRARY OF CONGRESS CONTROL NUMBER

  • LC control number: no2006036174

035 ## - SYSTEM CONTROL NUMBER

  • System control number: (OCoLC)oca06906979

040 ## - CATALOGING SOURCE

  • Original cataloging agency: EG-AlBAA
  • Language of cataloging: eng
  • Transcribing agency: EG-AlBAA
  • Modifying agency: OCoLC

100 1# - HEADING--PERSONAL NAME

  • Personal name: الحاني، ناصر

400 1# - SEE FROM TRACING--PERSONAL NAME

  • Personal name: حاني، ناصر

400 1# - SEE FROM TRACING--PERSONAL NAME

  • Personal name: هاني، ناصر

500 ## - SEE ALSO FROM TRACING--PERSONAL NAME

  • Personal name: Ḥānī, Nāṣir

670 ## - SOURCE DATA FOUND

  • Source citation: Min Iṣṭilāḥāt al-adab al-gharbī, 1959:
  • Information found: t.p. (al-Duktūr Nāṣir al-Ḥānī)

700 ## - ESTABLISHED HEADING LINKING ENTRY--PERSONAL NAME

  • Personal name: Ḥānī, Nāṣir

905 ## - cataloger

  • cataloger: Auth_BKS
Cairo University Libraries Portal Implemented & Customized by: Eng. M. Mohamady Contacts: new-lib@cl.cu.edu.eg | cnul@cl.cu.edu.eg
CUCL logo CNUL logo
© All rights reserved — Cairo University Libraries
CUCL logo
Implemented & Customized by: Eng. M. Mohamady Contact: new-lib@cl.cu.edu.eg © All rights reserved — New Central Library
CNUL logo
Implemented & Customized by: Eng. M. Mohamady Contact: cnul@cl.cu.edu.eg © All rights reserved — Cairo National University Library